|
|
|
|
| LEADER |
00841nam a2200217 a 4500 |
| 001 |
9874904 |
| 008 |
090618s1966 ph a 000 0 eng d |
| 010 |
|
|
|a 66006093
|
| 020 |
|
|
|a 0201007193
|
| 040 |
|
|
|a DLC
|c ODaWU
|d OCoLC
|d DLC
|
| 082 |
|
|
|a 658.302077
|2 17
|
| 100 |
1 |
|
|a Burby, Raymond J.,
|d 1916-
|
| 245 |
1 |
3 |
|a An introduction to basic supervision of people /
|c Raymond J. Burby
|
| 260 |
|
|
|b Addison-Wesley Pub. Co.
|c c1966
|
| 300 |
|
|
|a ix, 179 p. :
|b ill. ;
|c 25 cm.
|
| 490 |
1 |
|
|a Addison-Wesley series in supervisory training
|
| 541 |
1 |
|
|e 00002537
|
| 650 |
|
0 |
|a Supervision of employees
|x Programmed instruction.
|
| 852 |
4 |
|
|a Ayesha Abed Library
|j General Shelf.
|
| 999 |
|
|
|c 1763
|d 1763
|
| 952 |
|
|
|0 0
|1 0
|2 ddc
|4 0
|6 658_302077000000000_BUR
|7 0
|9 1614
|a BRACUL
|b BRACUL
|c GEN
|d 2009-06-29
|g 846.00
|l 0
|o 658.302077 BUR
|p 3010002537
|r 2009-06-29
|t 1
|w 2009-06-29
|y BK
|